Un véhicule = une série TV - Statistiques

Statistiques générales
  • Ce quiz a été pris 53 fois
  • Le résultat moyen est 7 sur 20
Statistiques - réponses
Indices Série Télévisée % Correct
Pontiac Aztek de Walter White Breaking Bad
70%
Ford Gran Torino rouge à bande blanche d'un des deux flics Starsky et Hutch
68%
Ferrari 308 GTS d'un détective privé prénommé Thomas Magnum
62%
Seat Ibiza rouge du Professeur La Casa de Papel
60%
Peugeot 403 cabriolet d'un inspecteur (lieutenant de police) Columbo
57%
Aston Martin DBS de Brett Sinclair, interprété par Roger Moore Amicalement Votre
49%
Pontiac Firebird Trans Am (Kitt) K2000
47%
La DS21 Citroën de Patrick Jane Mentalist
43%
Chevrolet K5 Blazer de Jim Hopper Stranger Things
36%
Van GMC Vandura de la A Team L'agence tous risques
34%
Ford Mustang Cabriolet 65 rouge offerte à deux adolescents par la sœur de Loïs Malcolm
28%
Citroën Type H 1969 blanche de Louis Roman Louis la Brocante
26%
Dodge Charger orange conduite par les frères Duke Shériff, fait moi peur
26%
Volvo P1800 de Simon Templar Le Saint
23%
La Mini 1000 du principal protagoniste (de la série) excentrique et lourdaud Mr Bean
23%
Cadillac Escalade ESV de Tony (interprété par James Gandolfini) Les Sopranos
19%
Chevrolet Impala noir de Dean Supernatural
15%
Porsche Carrera 911 de Hank Moody Californication
9%
Honda XR 500 modifiée, pilotée par Jesse Mach (atteignant fictivement les 500Km/h) Tonnerre mécanique
6%
La Lotus Seven de N°6 Le prisonnier
4%
Aucun quiz correspondant
Distribution des résultats
% des personnes avec chaque résultat
Percentile par nombre de réponses
Votre historique - résultats
Vous n’avez pas pris ce quiz